Greenpeace - organizace, která měla virální obsah dřív, než všichni ostatní
Príbeh najznámejšej svetovej ekologickej organizácie Greenpeace sa začal písať pred 50 rokmi vo Vancouvri. Prvá kampaň organizácie - odpor proti podzemným jadrovým testom pri ostrove Amčitka na Aljaške. Greenpeace v Českej republike. Ekologické témy - klimatické otázky, plastové znečistenie, ochrana...
Guardado en:
| Autor principal: | |
|---|---|
| Otros Autores: | |
| Formato: | Capítulo de libro |
| Lenguaje: | checo |
| Materias: | |
| Etiquetas: |
Sin Etiquetas, Sea el primero en etiquetar este registro!
|
MARC
| LEADER | 00000naa a2200000 4500 | ||
|---|---|---|---|
| 001 | 0265168 | ||
| 005 | 20200702110046.0 | ||
| 041 | 0 | |a cze | |
| 044 | |a CZ | ||
| 245 | 1 | 0 | |a Greenpeace - organizace, která měla virální obsah dřív, než všichni ostatní |c Lukáš Hrábek, Matěj Fišer |
| 520 | |a Príbeh najznámejšej svetovej ekologickej organizácie Greenpeace sa začal písať pred 50 rokmi vo Vancouvri. Prvá kampaň organizácie - odpor proti podzemným jadrovým testom pri ostrove Amčitka na Aljaške. Greenpeace v Českej republike. Ekologické témy - klimatické otázky, plastové znečistenie, ochrana pralesov. Marketingová komunikácia cez sociálne siete. | ||
| 610 | 2 | 0 | |a ekológia |
| 610 | 2 | 0 | |a ochrana prostredia životného |
| 610 | 2 | 0 | |a energia atómová |
| 610 | 2 | 0 | |a elektrárne atómové |
| 610 | 2 | 0 | |a plasty |
| 610 | 2 | 0 | |a zmeny klimatické |
| 610 | 2 | 0 | |a komunikácia marketingová |
| 610 | 2 | 0 | |a siete sociálne |
| 610 | 2 | 0 | |a organizácie medzinárodné |
| 100 | 1 | |a Hrábek, Lukáš | |
| 700 | 1 | |a Fišer, Matěj | |